000 005700000a22002050004500
003 LK-CoMWRAF
005 20231022122539.0
008 230817t ||||| |||| 00| 0 eng d
020 _a8171011675
040 _aLK-CoMWRAF
_dLK-CoMWRAF
_eLK-CoMWRAF
041 _aeng
082 _a297.8
_bPAL
100 _aPalanpuri, Moulana Muhammad Ebrahim
245 _aKitaabun Nikah :
_b(English)
260 _aIndia (New Delhi) :
_bIdara Isha'at-E-Diniyat (P) Ltd,
_c1993
300 _a96p
650 _aIslam--Nikah
700 _aRagie, Maulana Zaheer
_etrans.
942 _cBK
999 _c1698
_d1698